=LDR 00000nam 2200000 4500 =001 INLIS000000000043859 =005 20131008103914 =008 ***********************************ind** =035 ##$$0010-101300000001781 =041 ##$$a ind =082 ##$$a 646.404 =090 ##$$a 646.404, Dew b =100 ##$$a Dewi, Heidy Purnama =245 ##$$a Busana muslim bergaya funky dan etnik untuk remaja, Heidy Purnama Dewi =260 ##$$a 2004 $b Jakarta =300 ##$$a viii, 74 hlm, ilus, 28 cm =650 ##$$a Pakaian Remaja =850 ##$$a NBPNMAT =990 ##$$a 0001/BPAP-NTB/20142015